01435nam a2200337 c 450000100060000000300100000600500170001600700030003300800410003602000150007704000350009204100080012708200200013510000460015524502300020125000180043126400740044930000580052333600270058133700330060833800280064149000270066965000580069665000540075470000410080870000430084970000440089294200130093699900170094995201310096660376CO-BoRNBP20260202200345.0ta200414s2006 ck gr 000 0 spa d a958823333X aCO-BoRNBPbspaerdacCO-BoRNBP0 aspa04aR 577bF71m22310aFraume Restrepo, Nestor Julioeaut96848010aManual abecedario ecológico :bla más completa guía de términos ambientales /cNéstor Julio Fraume R.; ilustración Fabián Perdomo Delgado ; fotografías de Mélida Restrepo de Fraume, Néstor Julio Fraume R.. a1a. edición 1aBogotá, Colombia :bFundación Hogares Juveniles Campesinos,c2006 a326 páginas :bilustraciones, fotografías a color atextobtxt2rdacontent asin mediaciónbn2rdamedia avolumenbnc2rdacarrier0 aCuidando la creación17aMedio AmbientexTerminologíavPoesía2lemb96848117aEcologíaxTerminologíavPoesía2lemb96848210aFraume R., Nestor Julio,epht96848310aPerdomo Delgado, Fabián,eill96590010aRestrepo de Fraume, Melida,epht968484 2ddccREF c60376d60376 00102ddc40708001aMEACACIAbMEACACIAcGENd2026-02-02l0oR 577 F71mpACA04504r2026-02-02 20:04:51tEj.1w2026-02-02yREF